| 000 | 00530nam a2200217 454500 | ||
|---|---|---|---|
| 001 | 061204 | ||
| 003 | BD-ChCU | ||
| 008 | Eng | ||
| 020 | _a8187169214 | ||
| 040 |
_aDLC _cDLC _dBD-ChCU |
||
| 082 | 0 | 0 | _a537/P962 |
| 100 | 1 |
_ax _bx |
|
| 245 | 1 | 0 |
_aProblems and solutions on electromagnetism _bx |
| 250 | _ax | ||
| 260 |
_akolkata _bSarat Books _c2002 |
||
| 300 | _av-x,665 | ||
| 504 | _aIncludes | ||
| 650 | 0 |
_aElectromagnetism-problem,exercises etc. _bElectromagnetism |
|
| 700 | 1 | _aYung-Kuo, Lim | |
| 942 |
_2ddc _cBK |
||
| 999 |
_c61204 _d61204 |
||